| 000 | 01127nam a22002657a 4500 | ||
|---|---|---|---|
| 005 | 20180803170204.0 | ||
| 008 | 151126b2015 ck ||||gr||||f00| 0 spa d | ||
| 020 | _a9789588554433 | ||
| 040 |
_aCO-BoIAVH _cCO-BoIAVH |
||
| 041 | 0 | _aspa | |
| 044 | _ack | ||
| 082 | 0 | 4 |
_a333.9597 _bC82p |
| 110 | 2 | _aCorpoguajira | |
| 245 | 1 | 0 | _aPlan de manejo para la conservación de la Nutria Neotropical (Lontra longucaudis) en el departamento de La Guajira |
| 260 |
_aBogotá (Colombia) : _bCorpoguajira, _bFundación Omacha, _c2015. |
||
| 300 |
_a72 páginas : _bmapas, tablas, ilustraciones y fotografías a color ; _c28 x 22 cm. |
||
| 504 | _aIncluye referencias bibliográficas (páginas 64 - 70). | ||
| 650 | 6 |
_aNutria _zGuajira (Departamento, Colombia) |
|
| 650 | 6 |
_aMustelidae _zGuajira (Departamento, Colombia) |
|
| 650 | 6 |
_aNutria _xConservación _zGuajira (Departamento, Colombia) |
|
| 650 | 6 |
_aNutria _xPlan de manejo _zGuajira (Departamento, Colombia) |
|
| 650 | 6 |
_aNutria _xAmenazas _zGuajira (Departamento, Colombia) |
|
| 710 | 2 | _aFundación Omacha | |
| 942 |
_2ddc _cLIBRO |
||
| 999 |
_c17876 _d17876 |
||